| 000 | 00410nam a2200181Ia 4500 | ||
|---|---|---|---|
| 008 | 210210b2008 xxu||||| |||| 00| 0 eng d | ||
| 041 | _aeng | ||
| 082 | _a914.4 THOS | ||
| 100 | _aTHOROGOOD | ||
| 245 | _aSpeak the culture: France | ||
| 260 |
_aLondon _bThorogood _c2008 |
||
| 650 | _athe | ||
| 650 | _aSpeak | ||
| 650 | _aFrance | ||
| 650 | _aculture: | ||
| 690 | _aEuropean History | ||
| 906 | _a066813 | ||
| 999 |
_c149282 _d149282 |
||